000 00887cam a2200277 a 4500
999 _c1304
_d1304
001 (Sirsi) a646846
003 OSt
005 20230106103512.0
008 101108s2010 enka c 000 1 eng d
020 _a9780007355167 (pbk.) :
020 _a0007355165 (pbk.) :
040 _aTAE
_beng
_cTAE
_dKH8
042 _anbic
082 0 _a813.6 PEI
100 1 _aPeirce, Lincoln.
_eAuthor
245 1 4 _aThe boy with the biggest head in the world /
_c[Lincoln Peirce]
260 _aLondon :
_bHarperCollins Children's,
_c2010.
300 _a213 p. :
_bill. ;
_c20 cm.
490 0 _aBig Nate.
520 _aNate believes he is destined for greatness, but as he is having the worst school day of his life, doesn't know what he will be great at.
521 1 _a8-12.
650 1 _aSchools
_vFiction.
655 1 _aHumorous stories.
655 1 _aChildren's stories.
942 _2ddc
_cNFIC